Chapman Library

Scribes, Scrolls and Scripture; a student's guide to new testament textual criticism (Record no. 4134)

000 -LEADER
fixed length control field 00451nam a22001337a 4500
020 ## - INTERNATIONAL STANDARD BOOK NUMBER
ISBN 0802800823
050 ## - LIBRARY OF CONGRESS CALL NUMBER
Classification number BS 2325gre
100 ## - MAIN ENTRY--AUTHOR NAME
Personal name GREENLEE,J. Harold
245 ## - TITLE STATEMENT
Title Scribes, Scrolls and Scripture; a student's guide to new testament textual criticism
260 ## - PUBLICATION, DISTRIBUTION, ETC. (IMPRINT)
Place of publication Grand Rapids, Michigan
Name of publisher Eerdmans publishing Co.
Year of publication 1985
300 ## - PHYSICAL DESCRIPTION
Number of Pages 102p.; includes bibliographical references and index
650 ## - SUBJECT ADDED ENTRY--TOPICAL TERM
Topical Term 1. Bible N.T.- Criticism, Textual
942 ## - ADDED ENTRY ELEMENTS (KOHA)
Koha item type Books
Holdings
Koha item type Collection code Accession Number Permanent Location Current Location Date acquired Full call number
BooksLending6364Chapman LibraryChapman Library2018-01-12BS 2325 gre


CSUC Chapman Library is a Koha Automated Library.


Contact us: library@csuc.edu.gh.